000 00683cam a2200193 4500
001 WB3801-36
008 020108n2002 000 0 eng u
035 _a(Sirsi) u116176
245 _aState aid to lift terror cover
260 _c2002
490 _aEstates Gazette
_v(0201) 5 January 2002, 14(1)
520 _aGovernment has set up talks with the insurance industry to reinforce cover for landmark buildings to ensure they are better insured against terrorist attacks. The talks' conclusions are expected by 1 March 2002.
590 _aWB
650 _aCOMMERCIAL BUILDINGS
650 _aINSURANCE COVER
650 _aPOOL RE
690 _aInsurance
_96249
942 _n0
999 _c69203
_d69203